| 000 | 00542nam a2200169 a 4500 | ||
|---|---|---|---|
| 001 | 000023815 | ||
| 005 | 20200930022503.0 | ||
| 008 | 110113s1983 gw a 001 0 spa d | ||
| 040 |
_aDO-SdBNP _bspa _cBNPHU |
||
| 082 |
_ann* _bnn* |
||
| 245 | 0 | 0 |
_aRicardo Wagner : _bvida y obra en fechas e imágenes / _cEdición Dietrich Mack y Egon Voss. |
| 260 |
_aGermany : _bSaarbrücker Druckerei und Verlag, _c1983. |
||
| 300 |
_a127 p. : _bil. ; _c17 cm. |
||
| 700 | 1 |
_aMack, Dietrich, _eed. _949023 |
|
| 700 | 1 |
_aVoss, Egon, _eed. _949024 |
|
| 049 | _aBNGR | ||
| 999 |
_c23311 _d23311 |
||